00250nam a2200109Ia 4500008004100000100001500041245001700056260002300073650002000096942000700116999001700123190216s9999||||xx |||||||||||||| ||und|| aSaji Pathi 0aDrona Parvam bTouring Book Stall aMalayalam Novel cBK c25196d25196